Europe Multiple Choice - Statistics

General Stats
  • This quiz has been taken 22 times
  • The average score is 6 of 10
Answer Stats
Question Answer % Correct
Which city is known as the capital of the EU? Brussels
95%
Which country has the most UNESCO heritage sites? Italy
90%
Which country has never been part of the USSR? Bulgaria
86%
Which country has no blue in their flag? Lithuania
86%
Which country is Europe is doubly landlocked? Liechtenstein
81%
Which country has the largest sovereign wealth fund? Norway
52%
Which country has pink in their flag? Spain
48%
Which countries does the Danube River NOT flow through? Slovenia
43%
Which country does not have a uralic language Latvia
38%
Which of the countries has no monarchy? San Marino
5%
No matching quizzes found
Score Distribution
Percent of People with Each Score
Percentile by Number Answered
Your Score History
You have not taken this quiz